Hazrat Qanbeet Ellah-e-ul-Islam Almaroof Sacha Peer / (Record no. 525256)

000 -LEADER
fixed length control field 00532nam a22001697a 4500
003 - CONTROL NUMBER IDENTIFIER
control field NUST
038 ## - RECORD CONTENT LICENSOR
Staff Name waseem
082 ## - DEWEY DECIMAL CLASSIFICATION NUMBER
Classification number 297.9923
Author Mark KHO
100 ## - MAIN ENTRY--PERSONAL NAME
Personal name Khokar, M Zaman
9 (RLIN) 15998
245 ## - TITLE STATEMENT
Title Hazrat Qanbeet Ellah-e-ul-Islam Almaroof Sacha Peer /
Statement of responsibility, etc. M Zaman Khokar
260 ## - PUBLICATION, DISTRIBUTION, ETC.
Place of publication, distribution, etc. Gujrat :
Name of publisher, distributor, etc. Yasir Academy,
Date of publication, distribution, etc. 2005.
300 ## - PHYSICAL DESCRIPTION
Extent 176 p. ;
500 ## - GENERAL NOTE
General note Paperback.
880 ## - ALTERNATE GRAPHIC REPRESENTATION
Linkage 100-01\r
Title ایم زمان کھوکھر
880 ## - ALTERNATE GRAPHIC REPRESENTATION
Linkage 245-02\r
Title حضرت قنبیطہ علیہ السلام المعروف سچا پیر /
942 ## - ADDED ENTRY ELEMENTS (KOHA)
Source of classification or shelving scheme
Koha item type Book
Holdings
Withdrawn status Lost status Source of classification or shelving scheme Damaged status Not for loan Permanent Location Current Location Shelving location Date acquired Total Checkouts Full call number Barcode Date last seen Price effective from Koha item type
          Central Library (CL) Central Library (CL) First Floor - Islam 06/29/2019   297.9923 KHO CL-E-693 06/29/2019 06/29/2019 Book
© 2023 Central Library, National University of Sciences and Technology. All Rights Reserved.